000 00701nam a2200241 a 4500
008
020 _a007067325X (cased)
049 _aMAIN
090 _aQA76 VER
100 1 _aVerzello, Robert J.
245 1 0 _aData processing, systems and concepts /
_cRobert J. Verzello, John Reutter III.
260 _aNew York :
_bMcGraw-Hill,
_c1982.
300 _axv, 539 p. :
_bill. ;
_c25 cm.
500 _aIncludes index.
650 0 _aElectronic data processing.
653 _aData processing .
700 1 _aReutter, John.
907 _a.b10033609
_b14-02-07
_c17-04-03
003
005 20230123133557.0
040 _cNUST
942 _cBOOKS
_kQA76 VER
999 _c151011
_d151011